=LDR 00000nam 2200000 4500 =001 INLIS000000000036571 =005 20130612142342 =008 ***********************************Ind** =035 ##$$0010-061300000036571 =041 ##$$a Ind =082 ##$$a 623,82 =090 ##$$a 623,82, Mac k =100 ##$$a Mackenzie, Lian =245 ##$$a Kapal perang, Lian Mackemie ; alih bahasa, Joko Wibowo =260 ##$$a 2011 $b Jakarta =300 ##$$a 32 hlm, ilus, 30 cm =650 ##$$a Kapal Perang =700 ##$$a Wibowo, Joko =850 ##$$a NBPNMAT